=LDR 00000nam 2200000 4500 =001 INLIS000000000039203 =005 20130612144840 =008 ***********************************ind** =035 ##$$0010-061300000039203 =041 ##$$a ind =082 ##$$a 636.3 =090 ##$$a 636.3, Har b =100 ##$$a Harianto, bagus =245 ##$$a Buku Pintar Beternak dan Bisnis Domba =650 ##$$a Buku Pintar =850 ##$$a NBPNMAT =990 ##$$a 0001/BPAP-NTB/20142015